000
00294 a2200145 4500
001
163626
020
_a
040
_c
Magnum
100
_a
Smith, Bernard
240
1
0
_a
The last photo
_l
ING
245
1
0
_a
The last photo
362
0
_a
1899
697
_a
LITERATURA ESTRANGEIRA
942
_c
BK
999
_c
163626
_d
163626